MARC

LEADER 00000nam0a2200000 4500
001 92696
005 20231031104809.0
035 |a (RuTPU)RU\TPU\book\99301 
090 |a 92696 
100 |a 20060316d1983 k y0rusy50 ca 
101 0 |a rus 
102 |a RU 
105 |a y g 000zy 
200 1 |a Библиографическая ссылка  |e справочник  |f Ю. В. Альберт  |g под ред. И. Я. Госина 
210 |a Киев  |c Наукова думка  |d 1983 
215 |a 248 с. 
320 |a Библиогр.: с. 241-248 (139 назв.) 
610 1 |a библиографические ссылки 
610 1 |a библиографические списки 
610 1 |a письменные работы 
610 1 |a оформление 
610 1 |a стандарты 
610 1 |a справочники 
686 |a Ч75  |v LBC/SL-A  |2 rubbk 
700 1 |a Альберт  |b Ю. В.  |g Юрий Волькович 
702 1 |a Госин  |b И. Я.  |4 340 
801 1 |a RU  |b 63413507  |c 20060316  |g PSBO 
801 2 |a RU  |b 63413507  |c 20190815  |g RCR 
942 |c BK